| 000 | 00833nam a2200253 a 4500 | ||
|---|---|---|---|
| 001 | 000011581 | ||
| 003 | DO-SdBNP | ||
| 005 | 20240530073912.0 | ||
| 008 | 091021s1978 dr 000 j spa d | ||
| 040 |
_aDO-SdBNP _bspa _cBNPHU |
||
| 082 | 4 |
_aRD863.3 _bC745n _222 |
|
| 100 | 1 |
_aConde, Pedro, _d1945- _927406 |
|
| 245 | 1 | 0 |
_aNotas sobre el Enriquillo / _cPedro Conde. |
| 260 |
_aSanto Domingo : _bTaller, _c1978. |
||
| 300 |
_a68 p. ; _c21 cm. |
||
| 500 | _aIncluye datos biográficos del autor en la contracubierta. | ||
| 504 | _aBibliografía : p. 65-68 | ||
| 600 | 1 | 4 |
_aGalván, Manuel de Jesús, _d1834-1911 _tEnriquillo. _979588 |
| 600 | 1 | 0 |
_aEnriquillo, _d1535- _ccacique, _979589 |
| 650 | 0 |
_aNovela dominicana _9223 |
|
| 650 | 0 |
_aLiteratura dominicana. _967 |
|
| 910 | _aValidado. Control de calidad MFF | ||
| 942 |
_2ddc _cLBS1 |
||
| 999 |
_c11276 _d11276 |
||